US Senator Map Quiz - Statistics

General Stats
  • This quiz has been taken 366 times
  • The average score is 29 of 50
Answers on the Map
Answers color-coded by a green-red scale on the quiz's map according to % correct below.
 
Answer Stats
Answer % Correct
Bernie Sanders
88%
Marco Rubio
87%
Ted Cruz
87%
John McCain
84%
Elizabeth
Warren
82%
Dianne Feinstein
81%
Chuck Schumer
80%
Lindsey
Graham
80%
Lisa Murkowski
76%
Rand Paul
75%
Tim Kaine
74%
Al Franken
71%
Angus King
70%
Mazie Hirono
70%
Joe Manchin
69%
Chuck Grassley
63%
Bob Menendez
62%
Orrin Hatch
62%
Sherrod Brown
61%
Tammy
Duckworth
61%
Tom Cotton
59%
Pat Toomey
58%
Claire McCaskill
57%
Jon Tester
56%
Ben Sasse
55%
Tammy
Baldwin
54%
Debbie
Stabenow
53%
Lamar
Alexander
53%
Cory Gardner
52%
Heidi Heitkamp
51%
Thom Tillis
51%
Sheldon
Whitehouse
49%
Chris Coons
48%
Chris Murphy
48%
Jeanne Shaheen
48%
Richard Shelby
47%
Jim Inhofe
46%
Maria Cantwell
46%
Mike Crapo
46%
Bill Cassidy
45%
John Thune
45%
Dean Heller
43%
Ron Wyden
43%
Tom Udall
43%
Joe Donnelly
42%
Johnny Isakson
42%
Ben Cardin
40%
Pat Roberts
38%
Mike Enzi
37%
Thad Cochran
36%
No matching quizzes found
Score Distribution
Percent of People with Each Score
Percentile by Number Answered
Your Score History
You have not taken this quiz